| 000 | 00688nam a2200253Ia 4500 | ||
|---|---|---|---|
| 008 | 160803s9999 xx 000 0 und d | ||
| 020 | _a978-0060567361 | ||
| 100 | _aYen Mah, Adeline | ||
| 245 | _aChinese cinderella and the secret dragon society / | ||
| 245 | _cAdeline Yen Mah. | ||
| 260 | _aNew York : | ||
| 260 | _bScholastic Inc. | ||
| 260 | _c2005 | ||
| 300 | _axiii, 242 pages : | ||
| 300 | _billustrations, maps ; | ||
| 300 | _c20 cm | ||
| 650 | _aChina -- History -- 1937-1945 -- | ||
| 650 | _aMartial arts -- | ||
| 650 | _aWorld War, 1939-1945 -- China -- | ||
| 650 | _xFiction. | ||
| 650 | _xFiction. | ||
| 650 | _xJuvenile fiction. | ||
| 700 | _a850 | ||
| 999 |
_c298297 _d298297 |
||